[Event "Petah Tikva 3th"]
[Site "Petah Tikva"]
[Date "1997.10.08"]
[Round "8"]
[White "Tsesarsky, Ilya"]
[Black "Rotman, Daniel"]
[Result "1-0"]
[WhiteElo "2445"]
[BlackElo "2365"]
[Annotator "Tsesarsky,I"]
[PlyCount "109"]
[EventDate "1997.10.??"]
[EventType "swiss"]
[EventRounds "10"]
[EventCountry "ISR"]
[SourceTitle "CBM 061"]
[Source "ChessBase"]
[SourceDate "1997.11.23"]
[SourceVersion "1"]
[SourceVersionDate "1997.11.23"]
[SourceQuality "1"]

1. Nf3 Nf6 2. c4 c5 3. Nc3 e6 4. g3 Nc6 5. Bg2 Be7 6. O-O O-O 7. d4 d5 8. cxd5
Nxd5 9. e4 Ndb4 10. dxc5 Bxc5 (10... Nd3 11. Qe2 Nxc5 12. Rd1 Qa5 13. Be3 b6
14. a3 Na4 (14... Ba6 15. Qc2 $16) 15. Na2 $1 (15. Nxa4 Qxa4 16. Rac1 Ba6 17.
Qc2 Qxc2 18. Rxc2 Rac8 $11) 15... Ba6 16. Qc2 Rac8 17. b4 Qb5 $8 18. Bf1 $16 {
1-0 Kavalek-Vetter/BL Soling-Düsseld 1981 (24)}) 11. a3 Nd3 12. Qe2 (12. b4 $5
$146 Nxc1 (12... Bd4 13. Nxd4 Qxd4 14. Qc2 Rd8 15. Be3 Qd7 (15... Qc4 16. Rfd1
b6 17. Rd2 Nce5 $8 18. Rad1 Ba6 19. Bf4 Rdc8 20. Bxe5 Nxe5 21. f4 Ng4 22. Bf1
Qxf1+ 23. Rxf1 Bxf1 24. e5 $18) 16. Rfd1 (16. Rad1 $16) 16... Nce5 17. Bf1 $18)
13. Rxc1 Bb6 (13... Bd6 14. Qe2 $14) 14. e5 $1 {[%csl Rc8]} Qe7 15. Qe2 Bd7 (
15... a5 16. Na4 (16. b5 Nd4 17. Nxd4 Bxd4 18. Nb1 Qg5 19. Rfe1 f6 $132) 16...
Nd4 17. Qe4 Nxf3+ 18. Bxf3 Bd8 19. Nc5 $16) 16. Ne4 Rad8 17. Rc4 a6 18. Rfc1
Na7 19. Qc2 h6 $2 (19... Nb5 20. Neg5 (20. Nfg5 $2 f5 $1 21. exf6 gxf6 $19) (
20. Qd2 $3 Nxa3 (20... Bc6 21. Qf4 Bxe4 (21... Nxa3 22. Nf6+ Kh8 (22... gxf6
23. exf6 $18) 23. Rxc6 $1 bxc6 24. Nxh7 Kxh7 25. Ng5+ Kg8 26. Qh4 Bxf2+ 27.
Kxf2 (27. Kf1 Qxg5 28. Qxg5 $16) 27... Qa7+ 28. Kf1 Rfe8 29. Qh7+ Kf8 30. Qh8+
Ke7 31. Qxg7 $18)) 21. Nf6+ gxf6 (21... Kh8 22. Rh4 $18) 22. Rg4+ Kh8 23. Qh6
Rg8 24. Rh4 Rg7 25. exf6 Qf8 26. Ng5 $18) 20... g6 21. Qb2 (21. Ne4 $2 Nxa3 22.
Qd2 Nxc4 23. Qh6 (23. Rxc4 Kg7 (23... Bb5 $2 24. Qh6 Rd1+ 25. Bf1 Bxc4 26. Nf6+
Qxf6 27. exf6 Rxf1+ 28. Kg2 Rxf2+ 29. Kh3 Bf1+ 30. Kg4 $18) 24. Nf6 {[%cal
Gc4h4]} Rh8 25. Qg5 h6 26. Nh5+ Kf8 $19) 23... Nxe5 $19) 21... Bc6 22. a4 Nc7
23. a5 Ba7 24. Ne4 $14) 20. Nf6+ {1-0 Filippov,V-Volzhin,A/Gistrup 1996}) 12...
b6 $5 $146 (12... Nxc1 $5 13. Raxc1 e5 14. Nb5 $1 (14. Nd5 Bd6 15. Rfd1 Bg4 $11
) (14. Rfd1 Bd4 15. Nb5 (15. h3 a6 16. Nxd4 Nxd4 17. Qe3 Be6 18. f4 f6 19. Ne2
Nxe2+ 20. Qxe2 Qb6+ 21. Qf2 Qb3 22. Rd6 $11 {0-1 Vaganian,R-Portisch,L/Rio de
Janeiro izt 1979 (68)}) (15. h3) 15... Bg4 $11) 14... Qb6 (14... Bb6 15. Rfd1
Qe7 16. Nc3 Nd4 17. Nxd4 Bxd4 18. Nd5 Qd6 19. Nc7 Rb8 20. Nb5 $16) 15. b4 Bd4
16. Nbxd4 exd4 17. Rfd1 Bg4 18. h3 Bxf3 19. Qxf3 $14) (12... e5 13. Be3 b6 (
13... Bxe3 14. Qxe3 Nxb2 15. Qe2 {+- Tal,M-Christiansen,L/Tallinn 1979}) 14.
Rfd1 Ba6 15. Ne1 Nd4 16. Bxd4 exd4 17. Nxd3 dxc3 18. bxc3 $14) 13. b4 $8 (13.
Rd1 Ba6 (13... Bxf2+ 14. Kh1 (14. Qxf2 Nxf2 15. Rxd8 Rxd8 16. Kxf2 $16) 14...
Ba6 15. Rxd3 Qxd3 16. Qxf2 $16) 14. Bf1 (14. b4 Nd4 $19) 14... Qf6 $1 15. Be3
Ndb4 $17) 13... Bd4 14. Bg5 $1 (14. Nxd4 Qxd4 15. Qc2 (15. Bd2 Rd8 16. Rad1 Bb7
17. Nd5 exd5 18. Be3 Qc4 19. Qxd3 Qxd3 20. Rxd3 d4 21. Bf4 Ba6 $17) 15... Bb7
16. Be3 Qc4 $11 17. Rfd1 Rfd8 18. Rd2 (18. Bf1 Nce5 19. f4 Nf3+) 18... Nce5 (
18... Rd7 19. Rad1 Rad8 20. Bf4 e5 21. Bg5 f6 22. Bf1 Nd4 23. Rxd3 Qf7 24. Qc1
fxg5 25. Qxg5 Nf3+ 26. Rxf3 Qxf3 27. Qxd8+ (27. Bc4+) 27... Rxd8 28. Rxd8+ Kf7
29. Rd3 (29. Rd7+ Kf6 30. Rxb7 Qxc3 31. Rxa7 Qd4 32. Rb7 h6 33. Be2 (33. b5 g5
34. Rc7 g4 35. Rc4 Qd8 36. Rc6+ Kg7 37. h3 h5 38. hxg4 hxg4 39. a4 (39. Be2 Qd4
) 39... Qd4 40. Rc4 Qd1 41. a5 bxa5 42. b6 Qb3 43. Rc7+ Kf6 44. b7 a4 45. Bc4
Qb1+ 46. Kh2 a3 47. Bd5 Qb4 48. Rc2 Ke7 49. Ra2 Kd7 50. Rxa3 $18)) 29... Qg4
30. f3 Qc8 31. Nb5 Qb8) 19. Rad1 Rac8 20. Bf4 Qxc3 21. Qxc3 Rxc3 22. Bxe5 Rxa3
23. f3 f6 24. Bb2 Rb3 25. b5 (25. Bf1 Ba6) 25... Rd7 26. Bf1 Nxb2 27. Rxd7 Nxd1
28. Rxd1 $18) 14... f6 (14... Qd7 15. Rad1 Bxc3 16. Rxd3 Ba6 17. Rxd7 Bxe2 18.
Rc1 Bxf3 19. Rxc3 Bxg2 20. Kxg2 Rac8 21. b5 $16) 15. Nxd4 (15. Rad1 $2 Ba6 (
15... Bxc3 16. Rxd3 Ba6 17. Rxd8 Bxe2 18. Rxa8 Rxa8 19. Rc1 Rd8 $15) 16. b5
Bxc3 17. bxa6 fxg5 18. Rxd3 Qf6 19. Rc1 $16) 15... Qxd4 (15... Nxd4 16. Qxd3
fxg5 17. Rad1 (17. e5 Nf3+ 18. Qxf3 Rxf3 19. Bxf3 Rb8 20. Rad1 Qc7 21. Nb5 Qe7
22. Nd6 $132) 17... e5 18. f4 $5 gxf4 19. gxf4 Bg4 20. Rd2 Qh4 21. h3 (21. fxe5
Rxf1+ 22. Qxf1 Nf3+ 23. Bxf3 Bxf3 24. Qf2 (24. Qxf3 Qe1+ $19) 24... Qg5+ $17)
21... Bh5 22. Rdf2 $14) 16. Nb5 Qe5 $6 (16... Qc4 17. Nd6 (17. Nc7 Nd4 18. Qd1
Rb8 19. Be3 Nc2 $17) 17... Qd4 18. e5 $1 fxg5 (18... Ndxe5 19. Rfd1 Qc3 20.
Rac1 Qxa3 21. Bxc6 Nxc6 22. Rxc6 fxg5 23. Nxc8 $18) 19. Bxc6 Rxf2 20. Rxf2
Qxa1+ 21. Kg2 $16) (16... Qd7 $1 17. Rad1 (17. Be3 Ba6 18. a4 Ncxb4 19. e5 Rac8
20. exf6 Rxf6 21. Rfd1 Rc2 22. Qg4 Qe7 $17) 17... Rd8 18. e5 (18. Be3 Ba6 19.
Rxd3 Qxd3 20. Qxd3 Rxd3 21. Nc7 Rxe3 22. fxe3 Bxf1 23. Nxa8 Bxg2 24. Kxg2 Kf7
$17) 18... fxg5 19. Bxc6 Qxc6 20. Rxd3 Rxd3 21. Qxd3 Bb7 22. f3 g4 23. Nd6 gxf3
24. Nxb7 Qxb7 25. Qxf3 $11) 17. Qxd3 Ba6 (17... fxg5 18. Nd6 $1 $16) 18. Bf4
Qxb5 $2 (18... Bxb5 19. Qe3 (19. Qd7 Nd4 20. Bxe5 Ne2+ 21. Kh1 Bxd7 22. Bb2
Rac8 $11) 19... Qh5 20. Rfc1 $14) 19. Qd6 $1 $16 e5 20. Be3 Rad8 21. Qe6+ Kh8
22. a4 Qc4 (22... Qxb4 23. Qxc6 Rd6 24. Qc7 Bxf1 25. Bxf1 $16) 23. Qxc4 Bxc4
24. Rfc1 b5 $8 25. axb5 (25. Bf1 Bxf1 26. Kxf1 Nd4 27. Rc7 a6 28. axb5 axb5 29.
Raa7 Rg8 (29... Ne6 30. Re7 Rfe8 31. Reb7 Rb8 32. Rxb8 Rxb8 33. f4 $14) 30. Bh6
Ne6 31. Re7 Rde8 32. Reb7 Rb8 $14) 25... Bxb5 26. Bxa7 (26. Bf1 Bxf1 27. Kxf1
Nxb4 28. Rxa7 Ra8 29. Rcc7 Rxa7 30. Rxa7 Rc8 $11) 26... Nxb4 $8 (26... Rd2 27.
Bf1 Bxf1 28. Kxf1 Nd4 29. Rd1 Nb3 30. Be3 $18) 27. Bb6 $5 (27. Bc5 $1 Nd3 28.
Bxf8 Nxc1 29. Bxg7+ Kxg7 30. Rxc1 Rd7 31. Bh3 Ra7 32. Be6 Bd3 33. f3 $16) 27...
Rb8 $2 (27... Ra8 28. Bc5 Nc2 29. Rab1 $18) (27... Rc8 $8 28. Rc5 $1 (28. Rxc8
Rxc8 29. Bh3 Rb8 $8 (29... Re8 30. Rb1 $18) 30. Bc7 Re8 31. Rb1 Na6 32. Bd6 (
32. Rxb5 Nxc7 $11) 32... Bd3 (32... Rd8 33. Bxe5 (33. Rxb5 Rxd6 34. f4 exf4 35.
gxf4 Kg8 36. e5 Rd1+ 37. Kf2 fxe5 38. fxe5 $11) 33... Bd3 34. Bxf6 gxf6 35. Rd1
Nc5 $17) 33. Rb6 Ra8 34. Bf1 Bxf1 35. Kxf1 Kg8 36. Ke2 Kf7 37. Kd3 (37. f4 exf4
38. gxf4 Ra7 39. Kd3 Nc7 $11) 37... Ke8 38. Kc4 Kd7 39. Kd5 Nc7+ 40. Bxc7 Ra5+
41. Kc4 Kxc7 $11) 28... Nc2 (28... Rxc5 29. Bxc5 Nc2 30. Ra5 Rb8 31. Bd6 $18)
29. Ra5 $1 Bd3 30. f4 exf4 31. gxf4 Rb8 32. Rc6 Rfe8 33. e5 fxe5 34. fxe5 $14)
28. Bc7 $1 (28. Bc5 Nd3 29. Bxf8 Nxc1 30. Bxg7+ Kxg7 31. Rxc1 $16) 28... Nd3 (
28... Rbc8 29. Bh3 Ra8 30. Bd6 Nc2 31. Rab1 Rfd8 32. Bc7 (32. Rxc2 Bd3) 32...
Na3 33. Bxd8 Nxb1 34. Rxb1 Bd3 35. Rd1 Rxd8 36. Bf1 $18) 29. Rc3 Rb7 (29... Ra8
30. Rb1 Nb4 31. f4 Na2 32. Rc5 Bd3 33. Rb3 $18) 30. Bd6 $5 (30. Rb1 $18) (30.
Bf1 $2 Nb2 31. Bxb5 Rxb5 32. Rb1 Na4 $11) 30... Re8 31. Bf1 $18 Nb4 32. Bh3 $2
(32. Bxb5 Rxb5 33. Ra4 $1 $18 (33. Rb1 Na2 $11) (33. Rb3 Nc2 $11)) 32... Nc6
33. Kg2 $4 (33. f4 Nd4 34. Rc8 Rxc8 35. Bxc8 Rf7 36. Ra8 $18) 33... Nd4 34. f4
exf4 35. gxf4 Bc6 36. Re1 Bxe4+ $4 $138 (36... g6 37. Kg3 (37. Rxc6 Nxc6 38. e5
f5 39. Kf2 Nd4 40. Bg2 Rb2+ 41. Kf1 Rd2 $17) 37... Rxe4 38. Rxe4 Bxe4 39. Re3
Rb3 40. Rxb3 Nxb3 $15) (36... Kg8 37. Kg3 Rxe4 38. Rxe4 Bxe4 39. Re3 f5 40. Be5
Nc6 41. Bc3 $17) 37. Kg3 $4 $138 (37. Rxe4 $18) 37... f5 38. Be5 Ne6 $4 $138 (
38... Nb5 $15) 39. Rxe4 $18 fxe4 40. Bxe6 h6 41. Bd5 Rbe7 42. Bxe4 Kg8 43. Bd5+
Kh7 44. Be4+ Kg8 45. Bg6 Ra8 46. h4 Rea7 47. Be4 Rd7 48. Kg4 Rad8 49. Rc6 Kf7
50. Kh5 Kg8 51. Bf5 Re7 52. Kg6 Rde8 53. Rd6 Rb8 54. Be6+ Kf8 55. Ra6 1-0

[Event "Gibraltar Masters 12th"]
[Site "Caleta"]
[Date "2014.02.06"]
[Round "10"]
[White "Vitiugov, Nikita"]
[Black "Zhao, Xue"]
[Result "1-0"]
[WhiteElo "2737"]
[BlackElo "2568"]
[Annotator "Vitiugov,N"]
[PlyCount "75"]
[EventDate "2014.01.28"]
[EventType "swiss"]
[EventRounds "10"]
[EventCountry "GGB"]
[SourceTitle "CBM 159"]
[Source "ChessBase"]
[SourceDate "2014.03.17"]
[SourceVersion "1"]
[SourceVersionDate "2014.03.17"]
[SourceQuality "1"]

{I expected a game against Ivanchuk with the black pieces in the last round,
but pairings surprised me and I had White against Zhao Xue. However, games
with ladies are never easy and Zhao has decent results with 2700+ grandmasters.
} 1. c4 Nf6 2. Nc3 c5 3. Nf3 d5 4. cxd5 Nxd5 {In spite of the fact that she
usually doesn't play the Grünfeld, Zhao chose this potentially sharp line.} 5.
g3 {But White plays it safely;} (5. e4 {was more principled.}) 5... Nc6 6. Bg2
e6 {A very solid choice.} ({The other options} 6... Nc7) ({or} 6... g6 {
should be well prepared to play - the theory is very deep there.}) 7. O-O ({
I wanted more than the slightly better endgame which regulary appears after} 7.
d4 Nxc3 8. bxc3 cxd4 9. Nxd4 Nxd4 10. Qxd4 Qxd4 11. cxd4 Bb4+ 12. Bd2 Bxd2+ 13.
Kxd2 Ke7 14. Rhc1 Rd8 15. Rc7+ Rd7 16. Rac1 Kd8 17. Rxd7+ Kxd7 18. g4 h6 19.
Rc5 Rb8 20. Ra5 a6 21. Rh5 Kd6 {1/2 Gelfand,B (2773)-Leko,P (2737)/Beijing
2013/CBM 156 (39)}) 7... Be7 8. Nxd5 (8. d4 O-O {and here White has a wide
choice of possibilities.}) 8... exd5 (8... Qxd5 $6 9. d3 O-O 10. Be3 Qd6 11.
Rc1 Nd4 12. Nd2 $36) 9. d4 O-O (9... c4 $6 10. b3) 10. dxc5 Bxc5 11. Bg5 f6 $6
{I don't like this move. The pawn can't go back, so I prefer another line -} (
11... Qd7 12. Qd3 Re8 13. Bd2 h6 14. e3 d4 15. exd4 Nxd4 16. Rfe1 Rxe1+ 17.
Bxe1 Nc6 18. Qc2 Qf5 19. Qxf5 Bxf5 20. Rd1 Rd8 $11 {1/2 Vitiugov,N (2712)
-Nepomniachtchi,I (2708)/Loo 2013}) 12. Bd2 Be6 13. a3 $2 {Natural, but a slow
move. The position is more concrete than I thought.} (13. e3 {was more
unpleasant for Black, because he can't equalise immediately:} d4 $2 (13... Qd7
14. Bc3 $14) 14. exd4 Nxd4 15. Be3 Nxf3+ 16. Qxf3 Qb6 17. Rfe1 Bxe3 18. Qxe3
Qxe3 19. Rxe3 Kf7 20. b3 Rae8 21. Rae1 Bd7 22. Bd5+ Kg6 23. Bxb7 $16 {1-0
Larsen,B (2520)-Jussupow,A (2590)/Reykjavik 1985}) 13... Bb6 14. b4 Ne5 {
This isn't a mistake, but} (14... Qd7 {was more consistent} 15. e3 d4 (15...
Rfd8 16. Bc3) 16. b5 Ne5 17. exd4 (17. Nxd4 Bc4 18. Re1 Rfd8 $1 {and the black
pieces became extremely strong}) 17... Nxf3+ 18. Qxf3 Bxd4 {and White had
nothing special.}) 15. a4 a6 (15... Qd7 $6 16. a5 Bc7 17. Qa4 $5 Qf7 18. Nd4
$14) 16. Rb1 Qd7 17. a5 Ba7 18. b5 $1 {The point. I wasn't sure White was
really better now, but he has the easier game.} Rac8 (18... axb5 $6 19. Qb3 Nc4
20. Qxb5 Rf7 21. Bc3 $14) 19. Bb4 Nxf3+ $2 ({I guess, Black rejected the
natural} 19... Rfd8 {because of} 20. Nxe5 (20. b6 Bb8 21. Nd4 Bh3 $13) 20...
fxe5 21. b6 Bb8 22. Qd2 {for instance,} Rc4 23. Rfc1 Rdc8 24. Rxc4 Rxc4 25. Rc1
{and the endgame wasn't comfortable for Black.}) 20. Bxf3 Bc5 $2 {Mistakes
come in pairs.} (20... Rfd8 21. b6 Bb8 22. Qd2 $14) 21. bxa6 bxa6 22. Qd3 {
Suddenly, the black position became almost losing.} Bxb4 ({The best try was} 
22... Bf5 23. Bxd5+ (23. Qxd5+ Qxd5 24. Bxd5+ Kh8 25. e4 Bh3 26. Rfe1 Bxb4 27.
Rxb4 Rc5 {with some chances to survive}) 23... Kh8 24. e4 Bh3 25. Rfe1 $16) 23.
Rxb4 Rc6 24. Rb6 $18 Ra8 (24... Rxb6 25. axb6 Qb7 26. Qe3 Kf7 27. Rc1 Rc8 28.
Rxc8 Qxc8 29. Qd4 $18) 25. Rfb1 Rac8 26. h4 $1 {A good move, which kills the
black counterplay against the white king.} Rc3 27. Qxa6 Bg4 28. Bg2 d4 29. Rb8
Qe8 30. Qd6 {The rest is easy.} h5 31. a6 Qa4 32. Bb7 Kh7 33. Bxc8 Bxc8 34. Qd5
Kg6 35. R8b5 Bg4 36. Rb7 Qe8 37. a7 Bf5 38. Rxg7+ 1-0